Loading...
| Mythology | 0 | 5 | 0 | 1 | 50 | 92 | 116.80 | 1 | 4 |
| Science - Other Science | 1 | 2 | 0 | 0 | 35 | 60 | 85.00 | 1 | 3 |
| Religion | 1 | 2 | 1 | 0 | 30 | 57 | 94.00 | 1 | 3 |
| History - European History | 0 | 3 | 1 | 1 | 25 | 93 | 107.67 | 1 | 2 |
| Science - Biology | 0 | 3 | 1 | 2 | 25 | 95 | 112.33 | 1 | 1 |
| History - American History | 0 | 3 | 2 | 1 | 20 | 69 | 105.33 | 2 | 2 |
| History - Other History | 1 | 1 | 1 | 0 | 20 | 55 | 74.00 | 0 | 2 |
| Fine Arts - Other Fine Arts | 0 | 2 | 1 | 1 | 15 | 93 | 121.50 | 0 | 1 |
| Social Science | 0 | 2 | 1 | 1 | 15 | 114 | 120.50 | 0 | 1 |
| Current Events | 0 | 1 | 0 | 0 | 10 | 73 | 73.00 | 1 | 1 |
| Fine Arts - Visual Fine Arts | 0 | 1 | 0 | 1 | 10 | 140 | 140.00 | 0 | 1 |
| Literature - European Literature | 0 | 1 | 0 | 0 | 10 | 111 | 111.00 | 0 | 1 |
| Mythology- Edited | 0 | 1 | 0 | 0 | 10 | 109 | 109.00 | 1 | 1 |
| Science - Physics | 0 | 1 | 0 | 0 | 10 | 75 | 75.00 | 0 | 1 |
| Literature - World Literature | 0 | 1 | 1 | 1 | 5 | 138 | 138.00 | 0 | 1 |
| Fine Arts - Auditory Fine Arts | 0 | 1 | 1 | 0 | 5 | 105 | 105.00 | 0 | 1 |
| Literature - American Literature | 0 | 0 | 0 | 0 | 0 | 0.00 | 0 | 0 | |
| Science - Chemistry | 0 | 0 | 0 | 0 | 0 | 0.00 | 0 | 0 | |
| Pop Culture | 0 | 0 | 1 | 0 | -5 | 0.00 | 0 | 0 | |
| History - World History | 0 | 0 | 3 | 0 | -15 | 0.00 | 0 | 0 |